01147nam a2200241 i 4500003000400000005001700004008004100021020003900062040002500101082001500126100003900141245006100180264005900241300004000300336002100340337002500361338002300386520038100409650003200790650002900822650003100851655002300882OSt20260412102216.0260412s2025 enka cr 000 1 eng d a9781526665638cRM 64.40qpaperback aPPAKbengcPPAKerda04223a823.921 aPercival, Tom, d1977- eauthor. 10aSQUIRREL AND DUCK :bMISSION IMPROBABLE /cTOM PERCIVAL  1aLondon, England : bBLOOMSBURY CHILDREN'S BOOKS,c2025 a225 pages :billustrations ;c20 cm atext2rdacontent aunmediated2rdamedia avolume2rdacarrier aMeet Squirrel and Duck. One is jolly and has a beak. The other is irritable and has a bushy tail. But which is which? Here's a clue... Duck is a duck and Squirrel is a squirrel. When disaster strikes and their secret home gets demolished, they head out in search of a new one. But it won't be easy, because the one thing Squirrel and Duck can't quite deal with is each other! 10aSquirrelsvJuvenile fiction20aDucks vJuvenile fiction20aAnimals vJuvenile fiction 7aChildren's stories